[Event "Roncana op-B 13th"]
[Site "Santa Eulalia de Roncana"]
[Date "2019.10.26"]
[Round "5"]
[White "Gomez Rivera, Judit"]
[Black "Sola Montoya, Josep"]
[Result "0-1"]
[WhiteElo "1302"]
[BlackElo "1484"]
[PlyCount "32"]
[EventDate "2019.09.28"]
[EventType "swiss"]
[EventRounds "8"]
[EventCountry "ESP"]
[SourceTitle "CBM 193 Extra"]
[Source "ChessBase"]
[SourceDate "2020.01.31"]
[SourceVersion "1"]
[SourceVersionDate "2020.01.31"]
[SourceQuality "1"]

1. e4 c5 2. Nf3 e6 3. d4 cxd4 4. Nxd4 Nc6 5. Nc3 Nf6 6. Be2 a6 7. Be3 Bb4 8. Bg5 Qa5 9. Nxc6 Bxc3+ 10. bxc3 Qxg5 11. Nd4 Nxe4 12. Bf3 Nxc3 13. Qd3 Qe5+ 14. Kd2 Nd5 15. Rhe1 Qg5+ 16. Ke2 Nf4+ 0-1

[Event "Sabadell Coral Colon op 12th"]
[Site "Sabadell"]
[Date "2018.04.13"]
[Round "9"]
[White "Sola Montoya, Josep"]
[Black "Martinez Ferrer, Albert"]
[Result "0-1"]
[WhiteElo "1534"]
[BlackElo "1871"]
[PlyCount "30"]
[EventDate "2018.02.09"]
[EventType "swiss"]
[EventRounds "9"]
[EventCountry "ESP"]
[SourceTitle "EXT 2019"]
[Source "ChessBase"]
[SourceDate "2018.10.10"]
[SourceVersion "1"]
[SourceVersionDate "2018.10.10"]
[SourceQuality "1"]

1. e4 e6 2. d4 d5 3. Nd2 c5 4. c3 Nc6 5. exd5 exd5 6. Ndf3 Bf5 7. Bb5 f6 8. Ne2 Bd6 9. 0-0 Nge7 10. dxc5 Bxc5 11. Ned4 Bd7 12. Re1 Kf7 13. Bf4 Nxd4 14. Bxd7 Nxf3+ 15. Qxf3 Qxd7 0-1

[Event "Sabadell Coral Colon op 12th"]
[Site "Sabadell"]
[Date "2018.03.09"]
[Round "5"]
[White "Bernal Soler, Miquel"]
[Black "Sola Montoya, Josep"]
[Result "0-1"]
[WhiteElo "1700"]
[BlackElo "1534"]
[PlyCount "84"]
[EventDate "2018.02.09"]
[EventType "swiss"]
[EventRounds "9"]
[EventCountry "ESP"]
[SourceTitle "EXT 2019"]
[Source "ChessBase"]
[SourceDate "2018.10.10"]
[SourceVersion "1"]
[SourceVersionDate "2018.10.10"]
[SourceQuality "1"]

1. e4 Nc6 2. d4 e5 3. Nf3 exd4 4. Nxd4 Bc5 5. Nxc6 Qf6 6. Qf3 Qxf3 7. gxf3 dxc6 8. Bf4 Bd6 9. Be3 Be6 10. Nd2 Ne7 11. a3 Ng6 12. Nc4 Bf4 13. 0-0-0 0-0 14. Kb1 Bxe3 15. Nxe3 Nf4 16. Ng2 Rad8 17. Rxd8 Rxd8 18. b3 Nh3 19. Be2 Nxf2 20. Rf1 Nh3 21. Ne3 Rd2 22. Re1 Nf4 23. Bc4 Rxh2 24. Rd1 g6 25. Bxe6 Nxe6 26. e5 Rf2 27. Ng4 Rxf3 28. Nf6+ Kg7 29. Rh1 h5 30. Ne8+ Kf8 31. Nf6 Re3 32. Nxh5 gxh5 33. Rxh5 Re2 34. Rh8+ Kg7 35. Re8 Rxe5 36. Ra8 f5 37. Rxa7 f4 38. Ra4 f3 39. Rg4+ Kf6 40. Rg1 f2 41. Rf1 Re1+ 42. Rxe1 fxe1Q+ 0-1

[Event "Roncana op-B 11th"]
[Site "Santa Eulalia de Roncana"]
[Date "2017.11.11"]
[Round "7.1"]
[White "Sola Montoya, Josep"]
[Black "Parra Ordorica, Arnau"]
[Result "0-1"]
[WhiteElo "1523"]
[BlackElo "1502"]
[PlyCount "76"]
[EventDate "2017.09.23"]
[EventType "swiss"]
[EventRounds "8"]
[EventCountry "ESP"]
[SourceTitle "EXT 2024"]
[Source "ChessBase"]
[SourceDate "2023.10.10"]
[SourceVersion "1"]
[SourceVersionDate "2023.10.10"]
[SourceQuality "1"]

1. d4 Nf6 2. Nf3 g6 3. c4 Bg7 4. Nc3 d6 5. e4 0-0 6. Bg5 c5 7. h3 a6 8. Qd2 Qa5 9. d5 Bd7 10. Be2 b5 11. e5 dxe5 12. Ne4 Qxd2+ 13. Nfxd2 h6 14. Be3 bxc4 15. Bxc4 Bb5 16. b3 Rd8 17. a4 Bxc4 18. bxc4 Nxe4 19. Nxe4 Nd7 20. Nxc5 Nxc5 21. Bxc5 Rac8 22. Bxe7 Rd7 23. d6 Rxc4 24. 0-0 Bf8 25. Rac1 Rxc1 26. Rxc1 Bxe7 27. Rc7 Rxd6 28. Rxe7 Rd4 29. Rxe5 Rxa4 30. g4 Kg7 31. Kg2 Ra1 32. h4 a5 33. f4 a4 34. h5 a3 35. f5 gxf5 36. Rxf5 Rb1 37. Ra5 Rb2+ 38. Kf1 a2 0-1

[Event "Sant Adria de Besos op 12th"]
[Site "Sant Adria de Besos"]
[Date "2016.06.05"]
[Round "7"]
[White "Rivas Peix, Raul"]
[Black "Sola Montoya, Josep"]
[Result "1-0"]
[WhiteElo "2016"]
[BlackElo "1872"]
[PlyCount "56"]
[EventDate "2016.04.10"]
[EventType "swiss"]
[EventRounds "9"]
[EventCountry "ESP"]
[SourceTitle "EXT 2017"]
[Source "ChessBase"]
[SourceDate "2016.10.25"]
[SourceVersion "1"]
[SourceVersionDate "2016.10.25"]
[SourceQuality "1"]

1. e4 Nc6 2. d4 e5 3. Nf3 exd4 4. Nxd4 Bc5 5. c3 Qf6 6. Be3 Nge7 7. Bc4 Ne5 8. Be2 d5 9. Nd2 0-0 10. f4 N5g6 11. e5 Qb6 12. b4 Bxd4 13. Bxd4 Qe6 14. g3 Nf5 15. Bf2 Re8 16. Nf3 Qc6 17. Rc1 b5 18. 0-0 Bb7 19. Nd4 Nxd4 20. cxd4 Qd7 21. Bg4 Qe7 22. Qd2 Bc8 23. f5 Nf8 24. Be3 Nd7 25. Rxc7 Qf8 26. e6 fxe6 27. fxe6 Qxf1+ 28. Kxf1 Rf8+ 1-0

[Event "Sant Adria de Besos op 12th"]
[Site "Sant Adria de Besos"]
[Date "2016.05.15"]
[Round "4"]
[White "Moreno Oller, Victor"]
[Black "Sola Montoya, Josep"]
[Result "1/2-1/2"]
[WhiteElo "1760"]
[BlackElo "1872"]
[PlyCount "71"]
[EventDate "2016.04.10"]
[EventType "swiss"]
[EventRounds "9"]
[EventCountry "ESP"]
[SourceTitle "EXT 2017"]
[Source "ChessBase"]
[SourceDate "2016.10.25"]
[SourceVersion "1"]
[SourceVersionDate "2016.10.25"]
[SourceQuality "1"]

1. d4 d5 2. Nf3 Nf6 3. e3 c6 4. Bd3 Bg4 5. h3 Bh5 6. Nbd2 Nbd7 7. b3 e5 8. dxe5 Nxe5 9. Be2 Nxf3+ 10. Nxf3 Bb4+ 11. Nd2 Bxe2 12. Qxe2 Ne4 13. 0-0 Qf6 14. Nxe4 Qxa1 15. c3 dxe4 16. cxb4 Qf6 17. b5 0-0 18. bxc6 Qxc6 19. Bb2 Qe6 20. Qb5 b6 21. Qg5 Qg6 22. Qe5 Rfd8 23. h4 h6 24. h5 Qg5 25. Qxe4 Qxh5 26. g4 Qd5 27. Qf4 Rac8 28. e4 Qd2 29. Qe5 Qg5 30. Qg3 Rc2 31. Ba1 Rc1 32. Bb2 Rxf1+ 33. Kxf1 Rd1+ 34. Kg2 Rd2 35. Bc1 Rxf2+ 36. Kxf2 1/2-1/2

[Event "Sant Adria de Besos op 12th"]
[Site "Sant Adria de Besos"]
[Date "2016.05.08"]
[Round "3"]
[White "Sola Montoya, Josep"]
[Black "Garcia Ahumada, Lluis"]
[Result "1-0"]
[WhiteElo "1872"]
[BlackElo "1781"]
[PlyCount "71"]
[EventDate "2016.04.10"]
[EventType "swiss"]
[EventRounds "9"]
[EventCountry "ESP"]
[SourceTitle "EXT 2017"]
[Source "ChessBase"]
[SourceDate "2016.10.25"]
[SourceVersion "1"]
[SourceVersionDate "2016.10.25"]
[SourceQuality "1"]

1. d4 Nf6 2. c4 e5 3. dxe5 Ng4 4. e4 Nxe5 5. f4 Bb4+ 6. Bd2 Bxd2+ 7. Qxd2 Ng6 8. Nf3 Nc6 9. Nc3 d6 10. Be2 Qe7 11. 0-0 0-0 12. Rad1 Bd7 13. Ng5 Qd8 14. Bh5 h6 15. Nf3 Be6 16. b3 Nh4 17. Nd4 Nxd4 18. Qxd4 g6 19. Be2 Qe7 20. g3 Bh3 21. Rf2 Qd8 22. Nd5 f5 23. gxh4 c5 24. Qc3 Qxh4 25. Rd3 Bg4 26. Bxg4 fxg4 27. Rg3 Rae8 28. Qe3 Rf5 29. h3 Rh5 30. Rxg4 Rxe4 31. Rxh4 Rxe3 32. Nf6+ Kf7 33. Nxh5 gxh5 34. Rxh5 Re1+ 35. Kg2 Kg6 36. Rd5 1-0

[Event "Sabadell Coral Colon op 10th"]
[Site "Sabadell"]
[Date "2016.01.29"]
[Round "2"]
[White "Sola Montoya, Josep"]
[Black "Morais Carreras, Javier"]
[Result "0-1"]
[WhiteElo "1579"]
[BlackElo "1958"]
[PlyCount "72"]
[EventDate "2016.01.22"]
[EventType "swiss"]
[EventRounds "9"]
[EventCountry "ESP"]
[SourceTitle "EXT 2017"]
[Source "ChessBase"]
[SourceDate "2016.10.25"]
[SourceVersion "1"]
[SourceVersionDate "2016.10.25"]
[SourceQuality "1"]

1. d4 d5 2. c4 e6 3. Nc3 Nf6 4. Bg5 Be7 5. e3 0-0 6. Nf3 c6 7. Rc1 Nbd7 8. Qc2 Re8 9. a3 dxc4 10. Bxc4 Nd5 11. Bxe7 Qxe7 12. Bd3 h6 13. Ne2 e5 14. dxe5 Nxe5 15. Nxe5 Qxe5 16. 0-0 Bg4 17. Ng3 Rad8 18. Qb3 Nxe3 19. Rfe1 Qd5 20. Qxd5 Nxd5 21. h3 Be6 22. Rcd1 Nf4 23. Bf5 Rxd1 24. Rxd1 Bd5 25. f3 Ne2+ 26. Kf2 Nxg3 27. Kxg3 Re2 28. b4 g6 29. Bc8 b5 30. Rd3 Ra2 31. Ba6 Bc4 32. Rc3 Kg7 33. Kf4 Rxg2 34. Ke5 Rd2 35. Kf4 Kf6 36. Ke3 Rd6 0-1

[Event "Roncana op-B 9th"]
[Site "Santa Eulalia de Roncana"]
[Date "2015.11.07"]
[Round "5"]
[White "Sola Montoya, Josep"]
[Black "Garrido Sanchez, Daniel"]
[Result "1-0"]
[WhiteElo "1865"]
[BlackElo "1812"]
[PlyCount "67"]
[EventDate "2015.10.03"]
[EventType "swiss"]
[EventRounds "8"]
[EventCountry "ESP"]
[SourceTitle "EXT 2017"]
[Source "ChessBase"]
[SourceDate "2016.10.25"]
[SourceVersion "1"]
[SourceVersionDate "2016.10.25"]
[SourceQuality "1"]

1. d4 d5 2. c4 e6 3. Nc3 Nf6 4. Nf3 Be7 5. Bf4 0-0 6. e3 c5 7. cxd5 Nxd5 8. Bg3 Nc6 9. Be2 cxd4 10. Nxd4 Nxc3 11. bxc3 Nxd4 12. exd4 Bd6 13. Qc2 Bxg3 14. hxg3 g6 15. Rb1 Rb8 16. Qd2 Qf6 17. Qh6 Qg7 18. Qf4 Bd7 19. Qc7 Bc6 20. Bf3 Bxf3 21. gxf3 f5 22. Qd6 Qf6 23. Kf1 Rfd8 24. Qf4 b6 25. Kg2 Rb7 26. Qe3 Rdd7 27. Rb5 Re7 28. Re5 Rbc7 29. Re1 Rc6 30. d5 Rc5 31. Rxe6 Rxe6 32. dxe6 Qe7 33. Qd4 Kf8 34. Qh8# 1-0

[Event "Roncana op-B 9th"]
[Site "Santa Eulalia de Roncana"]
[Date "2015.10.17"]
[Round "2"]
[White "Berbel Gutierrez, Jose Guillermo"]
[Black "Sola Montoya, Josep"]
[Result "0-1"]
[WhiteElo "1787"]
[BlackElo "1865"]
[PlyCount "62"]
[EventDate "2015.10.03"]
[EventType "swiss"]
[EventRounds "8"]
[EventCountry "ESP"]
[SourceTitle "EXT 2017"]
[Source "ChessBase"]
[SourceDate "2016.10.25"]
[SourceVersion "1"]
[SourceVersionDate "2016.10.25"]
[SourceQuality "1"]

1. d4 d5 2. c4 e6 3. Nf3 Nf6 4. g3 c6 5. Bg2 Nbd7 6. Qc2 Bd6 7. 0-0 0-0 8. Bg5 h6 9. Bc1 Ne4 10. b3 Re8 11. Nc3 Ndf6 12. Nd2 Nxc3 13. Qxc3 Qe7 14. Bb2 e5 15. dxe5 Bxe5 16. Qxe5 Qxe5 17. Bxe5 Rxe5 18. e3 Bf5 19. Nf3 Re7 20. Nd4 Bd3 21. Rfc1 dxc4 22. bxc4 Rd8 23. Bf1 Be4 24. Rd1 Red7 25. Be2 c5 26. Nb5 b6 27. Rxd7 Rxd7 28. Rd1 Rxd1+ 29. Bxd1 Bd3 30. Bb3 Ne4 31. Nxa7 Nd2 0-1

[Event "Roncana op-B 9th"]
[Site "Santa Eulalia de Roncana"]
[Date "2015.10.03"]
[Round "1"]
[White "Sola Montoya, Josep"]
[Black "Lopez Torralba, Oscar"]
[Result "1-0"]
[WhiteElo "1865"]
[BlackElo "1772"]
[PlyCount "87"]
[EventDate "2015.10.03"]
[EventType "swiss"]
[EventRounds "8"]
[EventCountry "ESP"]
[SourceTitle "EXT 2017"]
[Source "ChessBase"]
[SourceDate "2016.10.25"]
[SourceVersion "1"]
[SourceVersionDate "2016.10.25"]
[SourceQuality "1"]

1. d4 Nf6 2. c4 e6 3. Nc3 Bb4 4. Qc2 d5 5. a3 Bxc3+ 6. Qxc3 0-0 7. Bg5 Nbd7 8. e3 b6 9. cxd5 exd5 10. Nf3 c5 11. Bb5 Qc7 12. Bf4 Qd8 13. Bc6 Ne4 14. Qb3 c4 15. Qc2 Ba6 16. Bxd5 Ndf6 17. Bxe4 Nxe4 18. Qxe4 Rc8 19. Rc1 Re8 20. Qf5 f6 21. Qc2 Bb7 22. 0-0 Qd5 23. Qd2 b5 24. Qb4 a6 25. a4 h5 26. axb5 axb5 27. Ra1 g5 28. Bd6 g4 29. Nh4 Qg5 30. Bg3 Re4 31. Qd6 Rce8 32. Ra7 R4e7 33. Qb6 Rb8 34. Bxb8 Qxh4 35. Rxb7 Rg7 36. Rxg7+ Kxg7 37. Ra1 Qg5 38. Bf4 Qf5 39. g3 Qd3 40. Qe6 b4 41. Ra7+ Kg6 42. Qf7+ Kf5 43. Ra5+ Ke4 44. Qd5# 1-0

[Event "Sant Adria de Besos op 11th"]
[Site "Sant Adria de Besos"]
[Date "2015.05.31"]
[Round "6.14"]
[White "Sola Montoya, Josep"]
[Black "Gamez Navarrete, Josep"]
[Result "0-1"]
[WhiteElo "1876"]
[BlackElo "1893"]
[PlyCount "84"]
[EventDate "2015.04.12"]
[EventType "swiss"]
[EventRounds "9"]
[EventCountry "ESP"]
[SourceTitle "EXT 2024"]
[Source "ChessBase"]
[SourceDate "2023.10.10"]
[SourceVersion "1"]
[SourceVersionDate "2023.10.10"]
[SourceQuality "1"]

1. d4 Nf6 2. Nf3 g6 3. c4 Bg7 4. Nc3 0-0 5. e4 d6 6. Be2 e5 7. d5 Nbd7 8. Be3 Ng4 9. Bg5 Ngf6 10. Qd2 Nc5 11. b4 Ncxe4 12. Nxe4 Nxe4 13. Bxd8 Nxd2 14. Bxc7 Nxf3+ 15. gxf3 e4 16. 0-0-0 exf3 17. Bxf3 Be5 18. c5 Bf4+ 19. Kb2 Bf5 20. Bxd6 Bxd6 21. cxd6 Rfd8 22. Rhe1 Rxd6 23. Rc1 Rd7 24. Rc3 Kf8 25. Rec1 Rad8 26. a4 b6 27. b5 Re7 28. Rc7 Rdd7 29. Rc8+ Re8 30. Rxe8+ Kxe8 31. Rc6 Ke7 32. Kc3 h6 33. Kb4 h5 34. a5 bxa5+ 35. Kxa5 Bd3 36. d6+ Rxd6 37. Rxd6 Kxd6 38. Bc6 Ke5 39. Ka6 f6 40. Kxa7 Bxb5 41. Bg2 f5 42. Kb6 Bd3 0-1

[Event "Sant Adria de Besos op 10th"]
[Site "Sant Adria de Besos"]
[Date "2014.05.25"]
[Round "4"]
[White "Sola Montoya, Josep"]
[Black "Abascal Vicente, Ignacio"]
[Result "0-1"]
[WhiteElo "1625"]
[BlackElo "1715"]
[PlyCount "72"]
[EventDate "2014.05.04"]
[EventType "swiss"]
[EventRounds "8"]
[EventCountry "ESP"]
[SourceTitle "EXT 2015"]
[Source "ChessBase"]
[SourceDate "2014.11.20"]
[SourceVersion "1"]
[SourceVersionDate "2014.11.20"]
[SourceQuality "1"]

1. d4 d5 2. Nf3 Nf6 3. c4 c6 4. Nc3 e6 5. e3 Nbd7 6. Bd3 dxc4 7. Bxc4 b5 8. Bd3 Qb6 9. 0-0 Bb7 10. a3 a6 11. b4 Be7 12. Qc2 h6 13. Nd2 e5 14. Bf5 0-0 15. Ne2 exd4 16. exd4 Rad8 17. Bb2 Nd5 18. Nb3 Rfe8 19. Nc5 Bc8 20. Rac1 N7f6 21. Ng3 a5 22. Rfe1 axb4 23. Qd2 bxa3 24. Bxa3 b4 25. Rb1 Bxc5 26. dxc5 Qxc5 27. Rxe8+ Rxe8 28. Bxb4 Nxb4 29. Bxc8 Rxc8 30. Rxb4 Qa5 31. Qb2 Nd5 32. Rb7 Qe1+ 33. Nf1 Nc3 34. g3 Ne4 35. Re7 Kf8 36. Qb7 Qxf2+ 0-1

[Event "Roncana op-B 7th"]
[Site "Santa Eulalia de Roncana"]
[Date "2013.11.09"]
[Round "5"]
[White "Toquero Gracia, Pau"]
[Black "Sola Montoya, Josep"]
[Result "1/2-1/2"]
[WhiteElo "1557"]
[BlackElo "1625"]
[PlyCount "140"]
[EventDate "2013.10.05"]
[EventType "swiss"]
[EventRounds "8"]
[EventCountry "ESP"]
[SourceTitle "EXT 2015"]
[Source "ChessBase"]
[SourceDate "2014.11.20"]
[SourceVersion "1"]
[SourceVersionDate "2014.11.20"]
[SourceQuality "1"]

1. e4 e5 2. Nf3 Nc6 3. Bb5 a6 4. Ba4 Nf6 5. d3 d6 6. c3 b5 7. Bc2 Be7 8. 0-0 0-0 9. Re1 Re8 10. Nbd2 Bf8 11. Nf1 Bg4 12. Ng3 g6 13. h3 Bc8 14. Bb3 Na5 15. Bc2 c5 16. a4 b4 17. Bd2 Nc6 18. Bb3 Be6 19. Bxe6 Rxe6 20. Ng5 Re8 21. Qb3 Qd7 22. Reb1 Reb8 23. Qc2 a5 24. Nf3 Rc8 25. Ne2 Nd8 26. c4 Ne6 27. b3 Bg7 28. Ng5 h6 29. Nxe6 Qxe6 30. Ng3 h5 31. Qd1 h4 32. Nf1 Rf8 33. Ne3 Nh5 34. Nd5 f5 35. exf5 Rxf5 36. Ra2 Rf7 37. Qg4 Qxg4 38. hxg4 Nf6 39. Nxf6+ Bxf6 40. f3 g5 41. Be3 Kh7 42. Kf2 Kg6 43. Rh1 Rh7 44. Re2 Rah8 45. Ree1 Kg7 46. Ke2 Kg8 47. Bf2 Kf7 48. Ke3 Ke6 49. Ke4 Rd7 50. Ke3 Rhd8 51. Ke2 Rh8 52. Rd1 Rc7 53. Rd2 Rcc8 54. Rh3 Rc7 55. Rd1 Rcc8 56. Rdh1 Rcd8 57. g3 hxg3 58. Bxg3 Rxh3 59. Rxh3 Rh8 60. Rxh8 Bxh8 61. Ke3 Bf6 62. Ke4 Be7 63. Bf2 Bf6 64. Be3 Be7 65. Bc1 Bf6 66. Bd2 Be7 67. Be1 Bf6 68. Ke3 Be7 69. Kf2 Bf6 70. Ke2 Be7 1/2-1/2

[Event "Roncana op-B 7th"]
[Site "Santa Eulalia de Roncana"]
[Date "2013.10.05"]
[Round "1"]
[White "Gonzalez Navarro, Carlos Manuel"]
[Black "Sola Montoya, Josep"]
[Result "1/2-1/2"]
[WhiteElo "1270"]
[BlackElo "1625"]
[PlyCount "116"]
[EventDate "2013.10.05"]
[EventType "swiss"]
[EventRounds "8"]
[EventCountry "ESP"]
[SourceTitle "EXT 2015"]
[Source "ChessBase"]
[SourceDate "2014.11.20"]
[SourceVersion "1"]
[SourceVersionDate "2014.11.20"]
[SourceQuality "1"]

1. e4 e5 2. Nf3 Nc6 3. Bc4 Bc5 4. d3 Nf6 5. Ng5 0-0 6. 0-0 d6 7. Nd2 Bd7 8. c3 Bb6 9. b4 Ne7 10. a4 a5 11. Qb3 Qe8 12. b5 Ng6 13. g3 h6 14. Ngf3 Bh3 15. Re1 Nd7 16. Ba3 Kh7 17. d4 f5 18. exf5 Rxf5 19. Be6 Rxf3 20. Bxd7 Qxd7 21. Nxf3 Rf8 22. Re3 Qf5 23. Ra2 Bg4 24. Ne1 exd4 25. cxd4 Bxd4 26. Qd3 Bxe3 27. Qxf5 Rxf5 28. fxe3 Ne5 29. e4 Rf7 30. Kg2 Nc4 31. Bc1 Re7 32. Nd3 Rxe4 33. Nf2 Re2 34. Rxe2 Bxe2 35. g4 Nb6 36. Bd2 Nxa4 37. Bxa5 b6 38. Bb4 Bxb5 39. Ne4 d5 40. Nd2 c5 41. Ba3 c4 42. Kf2 c3 43. Nb3 Bc4 44. Nd4 Bd3 45. Ke3 Be4 46. Nb3 Kg6 47. Kd4 Kg5 48. h3 Kh4 49. Bf8 Kxh3 50. Bxg7 Kxg4 51. Bxh6 Kf3 52. Be3 Ke2 53. Nc1+ Kd1 54. Na2 c2 55. Bc1 b5 56. Be3 b4 57. Nxb4 c1Q 58. Bxc1 Kxc1 1/2-1/2

[Event "Roncana op-B 6th"]
[Site "Santa Eulalia de Roncana"]
[Date "2012.12.01"]
[Round "8"]
[White "Sola Montoya, Josep"]
[Black "Toquero Gracia, Pau"]
[Result "1-0"]
[WhiteElo "1616"]
[BlackElo "1499"]
[PlyCount "126"]
[EventDate "2012.10.06"]
[EventType "swiss"]
[EventRounds "8"]
[EventCountry "ESP"]
[SourceTitle "EXT 2024"]
[Source "ChessBase"]
[SourceDate "2023.10.10"]
[SourceVersion "1"]
[SourceVersionDate "2023.10.10"]
[SourceQuality "1"]

1. d4 Nf6 2. c4 g6 3. Nc3 Bg7 4. e4 d6 5. Be2 0-0 6. Bg5 Nc6 7. Qd2 a5 8. a3 Rb8 9. Nf3 Bg4 10. h3 Bd7 11. d5 Na7 12. Bd3 c6 13. 0-0 cxd5 14. cxd5 Nc8 15. Rac1 e6 16. Rfe1 Re8 17. e5 dxe5 18. Nxe5 exd5 19. Nxd7 Qxd7 20. Bb5 Rxe1+ 21. Rxe1 Qd6 22. Bf4 Qb6 23. Bxb8 d4 24. Be5 dxc3 25. Qxc3 Nd5 26. Qxc8+ Bf8 27. a4 Ne7 28. Qe8 Qe6 29. Kf1 Qd5 30. Bf4 Nf5 31. Kg1 Nh4 32. Bf1 Nf5 33. g4 Nh4 34. Qe4 Nf3+ 35. Kh1 Qb3 36. Re3 Qd1 37. Qxf3 Qxf1+ 38. Kh2 Bc5 39. Re8+ Kg7 40. Qe2 Qxf2+ 41. Qxf2 Bxf2 42. Be3 Bh4 43. Rb8 Kf6 44. Rxb7 g5 45. Bd2 Kg6 46. Bxa5 f6 47. Bc3 h6 48. a5 Bf2 49. a6 h5 50. a7 Bxa7 51. Rxa7 hxg4 52. hxg4 f5 53. gxf5+ Kxf5 54. Kg3 g4 55. b4 Ke4 56. Rd7 Kf5 57. b5 Ke6 58. Rd1 Ke7 59. b6 Kf7 60. b7 Kg6 61. Rd5 Kh7 62. Rd6 Kg8 63. b8Q+ Kf7 1-0